chillwagon - chillwagon 2.0 - Statystyki

Ogólne statystyki
  • Ten quiz został rozwiązany 137 razy
  • Średni wynik to 18 z 30
Statystyki odpowiedzi
Numer Utwór % Poprawnych
5 Jumper
85%
17 Jeden jeden
83%
2 Huśtawka
78%
23 Ziarnko do ziarnka
77%
15 Robale
75%
6 Thailive
74%
18 Squo
73%
20 Zbastuj bajerke
71%
13 David Hustlehoff
70%
4 Battle Royale
67%
14 Poyebane
67%
22 Puetfal
65%
1 Pierwiastki
61%
16 Bengier
58%
28 Huawei
55%
30 Jeżyk
55%
29 Hiphop
54%
19 Numer o trapowaniu
53%
7 Szyny były złe
53%
11 Jacuzzi
52%
3 Power Rangers
52%
8 Skrzydło
52%
9 Będzie za mną tęsknił blok
50%
24 Stephano Kumpel
49%
10 Sianko
48%
27 Nowy szlagier
47%
25 Co tam słychać
46%
12 Brudny styl
43%
26 Nic nie wiadomo
42%
21 Ciężko jest lekko zryć
36%
Nie znaleziono quizów pasujących do podanych kryteriów
Rozkład punktacji
Procent ludzi z każdym wynikiem
Percentyl według liczby udzielonych odpowiedzi
Twoja historia wyników
Nie rozwiązałeś tego quizu